<?xml version="1.0" encoding="UTF-8"?>
<collection xmlns="http://www.loc.gov/MARC21/slim">
<record>
  <controlfield tag="001">119404</controlfield>
  <controlfield tag="005">20221025101348.0</controlfield>
  <datafield tag="037" ind1=" " ind2=" ">
    <subfield code="a">TAZ-TFG-2022-2610</subfield>
  </datafield>
  <datafield tag="041" ind1=" " ind2=" ">
    <subfield code="a">spa</subfield>
  </datafield>
  <datafield tag="100" ind1="1" ind2=" ">
    <subfield code="a">Canudo García, Cristina</subfield>
  </datafield>
  <datafield tag="242" ind1="0" ind2="0">
    <subfield code="a">The importance of family-school collaboration from the tutorial action</subfield>
  </datafield>
  <datafield tag="245" ind1="0" ind2="0">
    <subfield code="a">La importancia de la colaboración familia-escuela desde la acción tutorial</subfield>
  </datafield>
  <datafield tag="260" ind1=" " ind2=" ">
    <subfield code="a">Zaragoza</subfield>
    <subfield code="b">Universidad de Zaragoza</subfield>
    <subfield code="c">2022</subfield>
  </datafield>
  <datafield tag="506" ind1=" " ind2=" ">
    <subfield code="a">by-nc-sa</subfield>
    <subfield code="b">Creative Commons</subfield>
    <subfield code="c">3.0</subfield>
    <subfield code="u">http://creativecommons.org/licenses/by-nc-sa/3.0/</subfield>
  </datafield>
  <datafield tag="520" ind1=" " ind2=" ">
    <subfield code="a">Cada vez más, las familias y las escuelas demandan una implicación mayor de ambas en los centros. Esto supone una realidad en la sociedad actual que, en consecuencia, hace que destaque la figura del tutor como contacto directo con ellas. Este debe liderar, de manera correcta, teniendo la certeza de que una buena relación familia-escuela conlleva un amplio abanico de beneficios para el alumnado. De esta manera, debe responder con ciertas competencias y actitudes que integren a las familias en el centro, haciéndolas partícipes del proceso educativo de su hijo. Y, además, debe comprender que la colaboración tiene grandes repercusiones en su labor tutorial que apoyan y ayudan su labor como educador. Utilizando de manera consecuente la información que le aportan las familias puede mejorar su acción tutorial y educativa adaptando y ajustando el proceso educativo a las necesidades y características propias del alumnado. Se debe tener en cuenta que cuando ambos agentes (familia y escuela) deciden colaborar lo hacen para logar el desarrollo integral del niño, que debe ser su punto de mira común y lo que les haga estrechar lazos para fomentar relaciones óptimas entre familia y escuela.&lt;br /></subfield>
  </datafield>
  <datafield tag="521" ind1=" " ind2=" ">
    <subfield code="a">Graduado en Magisterio en Educación Infantil</subfield>
  </datafield>
  <datafield tag="540" ind1=" " ind2=" ">
    <subfield code="a">Derechos regulados por licencia Creative Commons</subfield>
  </datafield>
  <datafield tag="700" ind1=" " ind2=" ">
    <subfield code="a">Falcón Linares, Carolina</subfield>
    <subfield code="e">dir.</subfield>
  </datafield>
  <datafield tag="710" ind1="2" ind2=" ">
    <subfield code="a">Universidad de Zaragoza</subfield>
    <subfield code="b">Ciencias de la Educación</subfield>
    <subfield code="c">Métodos de Investigación y Diagnóstico en Educ.</subfield>
  </datafield>
  <datafield tag="856" ind1="0" ind2=" ">
    <subfield code="f">776294@unizar.es</subfield>
  </datafield>
  <datafield tag="856" ind1="4" ind2=" ">
    <subfield code="s">699772</subfield>
    <subfield code="u">http://zaguan.unizar.es/record/119404/files/TAZ-TFG-2022-2610.pdf</subfield>
    <subfield code="y">Memoria (spa)</subfield>
  </datafield>
  <datafield tag="909" ind1="C" ind2="O">
    <subfield code="o">oai:zaguan.unizar.es:119404</subfield>
    <subfield code="p">driver</subfield>
    <subfield code="p">trabajos-fin-grado</subfield>
  </datafield>
  <datafield tag="950" ind1=" " ind2=" ">
    <subfield code="a"></subfield>
  </datafield>
  <datafield tag="980" ind1=" " ind2=" ">
    <subfield code="a">TAZ</subfield>
    <subfield code="b">TFG</subfield>
    <subfield code="c">FEDU</subfield>
  </datafield>
  <datafield tag="999" ind1=" " ind2=" ">
    <subfield code="a">20220624100920.CREATION_DATE</subfield>
  </datafield>
  <datafield tag="951" ind1=" " ind2=" ">
    <subfield code="a">deposita:2022-10-25</subfield>
  </datafield>
</record>
</collection>